000 00876nam a2200337Ia 4500
005 20260514124420.0
008 008 261405s9999 xx 000 0 eng d
037 _aThesis
040 _aCRL
040 _beng
040 _cCRL
041 _2eng
041 _aeng
084 _qCRL
100 _aDr.Sandeep Kumar
_91239927
245 0 _aClinical and Electrophysiological Profile of Children with Acute Symmetrical Polyneuropathy and Their Short Term Outcomes AT3 Months.
260 _aDelhi
260 _bUniversity of Delhi
260 _c2015
300 _a89p.
502 _bPh.D.
502 _cUniversity of Delhi
502 _d2015
541 _oThesis
650 _aPediatrics
_91239905
700 _aDr.S.Aneja
_91239477
700 _aDr.Virendra Kumar
_91239928
710 _aPediatrics
942 _cTH
999 _c1851848
_d1851848